Duch svätý - Duch spoločenstva

Bibliographic Details
Main Author: Galot, Jean, 1919-2008 (Author)
Other Authors: Kotmanová, Daniela (Translator)
Format: Book
Language:Slovak
French
PhysicalDescription:298 s. 21 cm
Published: Trnava Dobrá kniha 1999
ISBN:8071412279
Series:Teologická knižnica
Subjects:

MARC

LEADER 00000nam a2200000 a 4500
001 vtls009133197
003 SK-MaSNL
005 20260301125116.0
008 240314s1999 xo slo
020 |a 8071412279  |q (brož.)  |c 220.00 
035 |a SKPK39109 
035 |a urn:nbn:sk:snk-amkduq 
035 |a urn:nbn:sk:snk-am008hvq 
035 |a 979F929E-A928-4BD9-8329-6156A7A857A7 
040 |a SNK  |b slo  |c SNK  |e AACR2 
041 1 |a slo  |h fre 
044 |a xo  |c SK 
072 7 |a 27-1/-2  |x Kresťanská teológia. Dogmatická teológia  |2 konspekt 
080 |a 27-23  |2 2011 
080 |a 27-144.89  |2 2011 
080 |a 27-144.896  |2 2011 
080 |a 27-565.8  |2 2011 
080 |a (0:82-4)  |2 2011 
100 1 |a Galot, Jean,  |d 1919-2008  |4 aut  |9 204446 
240 1 2 |a L'Esprit Saint, personne de communion  |l Slovensky 
245 1 0 |a Duch svätý - Duch spoločenstva  |c Jean Galot ; [z francúzskeho originálu prel. Daniela Kotmanová] 
260 |a Trnava  |b Dobrá kniha  |c 1999 
300 |a 298 s.  |c 21 cm 
490 1 |a Teologická knižnica 
504 |a Bibliogr. odkazy 
600 0 7 |a Ježiš Kristus  |2 SNKMA 
630 0 7 |a Biblia  |2 SNKPH  |9 17043 
630 0 7 |a Bible  |2 SNKPHeng  |9 276267 
650 0 7 |a Najsvätejšia Trojica  |2 SNKPH  |9 79135 
650 0 7 |a Duch svätý  |2 SNKPH  |9 1927 
650 0 7 |a Turíce  |2 SNKPH  |9 14957 
650 0 7 |a Holy trinity  |2 SNKPHeng  |9 350797 
650 0 7 |a Holy Spirit  |2 SNKPHeng  |9 277816 
650 0 7 |a Whitsun  |2 SNKPHeng  |9 304889 
655 7 |a úvahy  |2 SNKPH  |9 29403 
655 7 |a Essays ‬  |2 SNKPHeng  |9 474571 
700 1 |a Kotmanová, Daniela  |4 trl  |9 474572 
830 0 |a Teologická knižnica  |9 374569 
919 |a 80-7141-227-9 
958 |a NT 
958 |a NB 
958 |a OP 
999 |c 741439  |d 743369 
952 |t P60, <03>, [BOOK], {603}  |a SNK  |b SNK  |y PREZ  |7 0  |p 17A0192464  |o snkSC 98646  |i snkKSP 5256/99  |0 0  |1 0  |4 0  |d 1999-05-05  |f 1  |l 0  |r 2025-09-18 00:00:00  |w 2026-02-23 
952 |t P60, <04>, [BOOK], {604}  |a SNK  |b SNK  |y VYP  |7 0  |p 17A0192465  |o snkSC 98646 D1  |i snkKSP 5257/99  |0 0  |1 0  |4 0  |d 1999-05-05  |l 0  |r 2005-01-02 00:00:00  |w 2026-02-23